Creative gift ideas : 19 gorgeous projects.pattern sheet included

Bibliographic Details
Format: Book
Published: Australia : Craftworld Books , 2000
Subjects:

MARC

LEADER 00000cam a2200000 7i4500
001 0000067868
005 20161113.0
008 161113
020 |a 1875625283 
090 0 0 |a 745.5   |b CRE 
245 1 0 |a Creative gift ideas :   |b 19 gorgeous projects.pattern sheet included 
260 |a Australia :   |b Craftworld Books ,   |c 2000 
300 |a 98p. :   |b col.ill 
500 |a Includes index 
650 0 |a Craft 
999 |a 0000935744   |b Book   |c Adult Collection   |e Cawangan Tangkak